000
00218 a2200109 4500
020
_a
9780307349958
041
_a
spa
100
_a
Carl Hiaasen
245
_a
S.O.S La odisea de los dioses
942
_c
BK
952
_7
1
999
_c
19137
_d
19137